| 000 | 00750nam a2200217 i 4500 | ||
|---|---|---|---|
| 001 | 76449 | ||
| 003 | ES-MaACL | ||
| 005 | 20230906172838.0 | ||
| 007 | t| | ||
| 008 | 041001s1986 sp ||||1| spa d | ||
| 245 | 0 | 0 |
_aGuía de la flora mayor de Madrid / _cJuan Ruiz de la Torre... [et al.] ; dibujos y cartografía Elda Carmona... [et al.]. |
| 250 | _a2ª ed. | ||
| 260 |
_aMadrid : _bComunidad de Madrid, Consejería de Agricultura y Ganadería, _c1986. |
||
| 300 |
_a300 p. : _bil. ; _c20 cm. |
||
| 500 | _aVocabulario. Mapas. | ||
| 504 | _aBibliografía. | ||
| 650 | 4 |
_aFlora- _zMadrid (Comunidad Autónoma) _9149813 |
|
| 700 | 1 |
_aRuiz de la Torre, Juan. _9100754 |
|
| 700 | 1 |
_aCarmona, Elda. _935339 |
|
| 852 |
_aES-MaACL _jG-3484 _bR.114861 |
||
| 999 |
_c76449 _d76449 |
||